000 00921nac a22002411u 4500
010 _a 2002070413
020 _a0596000359 :
082 0 0 _a005.72
_bROS
090 _c8897
_d8897
100 _aRosenfeld, Louis.
245 1 0 _aInformation architecture for the World Wide Web /
_cLouis Rosenfeld & Peter Morville.
250 _a2nd ed.
260 _aCambridge, Mass. :
_bO'Reilly,2002
_cc2002.
300 _axxi,461 p. :
_bill.;
_c24 cm.
500 _aDistributer : Al Magmoa Al Elmeya
504 _aIncludes bibliographical references and index.
511 _aCatalogued by: Sara
650 0 _aWeb sites
_xDesign.
650 0 _aInformation storage and retrieval systems
_xArchitecture.
700 1 _aMorville, Peter.
942 _cBB
_k005.72ROS
999 _c8897
_d8897